Manual de técnica fotográfica.
Guardat en:
| Autor principal: | |
|---|---|
| Format: | Llibre |
| Publicat: |
Madrid, España:
Tursen; H. Blume,
1992.
|
| Edició: | Tercera edición española revisada |
| Matèries: | |
| Etiquetes: |
Afegir etiqueta
Sense etiquetes, Sigues el primer a etiquetar aquest registre!
|
MARC
| LEADER | 00000nam a22000007a 4500 | ||
|---|---|---|---|
| 003 | CL-VaPUC | ||
| 005 | 20250407202435.0 | ||
| 008 | 250303t1992 ||||| |||| 00| 0 eng d | ||
| 999 | |c 447069 |d 447067 | ||
| 020 | |a 84-87756-22-0 | ||
| 040 | |c Pontificia Universidad Católica de Valparaíso | ||
| 082 | |a 770.28 HED 1992 | ||
| 100 | |9 449689 |a Hedgecoe, John |e autor | ||
| 245 | |a Manual de técnica fotográfica. | ||
| 246 | |a Guía completa de técnicas, procedimientos y equipos fotográficos. Más de 1250 ilustraciones. |i Subtítulo de la cubierta | ||
| 250 | |a Tercera edición española revisada | ||
| 260 | |a Madrid, España: |b Tursen; |b H. Blume, |c 1992. | ||
| 300 | |a 352 páginas: |b ilustraciones, fotografías. | ||
| 500 | |a c.1-c.2. Instituto Arcos.08-01-2025. | ||
| 583 | |c 20250303 |k Gabriela Rodríguez Cuevas | ||
| 650 | 0 | |9 870893 |a Fotografía |x Técnicas |v Manuales | |
| 650 | 0 | |9 268495 |a Fotografía |x Equipos y accesorios | |
| 942 | |2 ddc |c BK |n 0 | ||
| 952 | |0 0 |1 0 |2 ddc |4 0 |6 770_280000000000000_HED_1992 |7 0 |8 A |9 600508 |a BIBINC |b BIBINC |d 2025-03-03 |e Instituto Arcos |i 5665363 |l 1 |o 770.28 HED 1992 |p 5665363 |r 2025-04-09 |s 2025-04-03 |t 1 |w 2025-03-03 |y BK |k IFP | ||
| 952 | |0 0 |1 0 |2 ddc |4 0 |6 770_280000000000000_HED_1992 |7 0 |8 A |9 600509 |a BIBINC |b BIBINC |d 2025-03-03 |e Instituto Arcos |i 5665364 |o 770.28 HED 1992 |p 5665364 |r 2025-03-03 |t 2 |w 2025-03-03 |y BK |k IFP | ||